<?xml version="1.0" encoding="UTF-8"?>
<record
    xmlns:xsi="http://www.w3.org/2001/XMLSchema-instance"
    xsi:schemaLocation="http://www.loc.gov/MARC21/slim http://www.loc.gov/standards/marcxml/schema/MARC21slim.xsd"
    xmlns="http://www.loc.gov/MARC21/slim">

  <leader>00256nam a22001217a 4500</leader>
  <datafield tag="040" ind1=" " ind2=" ">
    <subfield code="c">HS</subfield>
  </datafield>
  <datafield tag="082" ind1=" " ind2=" ">
    <subfield code="a">615</subfield>
  </datafield>
  <datafield tag="100" ind1=" " ind2=" ">
    <subfield code="a">&#x17A2;&#x17B6;&#x178F;&#x17CB; &#x1785;&#x1793;&#x17D2;&#x1790;&#x17B6;</subfield>
  </datafield>
  <datafield tag="245" ind1=" " ind2=" ">
    <subfield code="a">physic</subfield>
  </datafield>
  <datafield tag="260" ind1=" " ind2=" ">
    <subfield code="a">RUA</subfield>
    <subfield code="b">&#x17A2;&#x17B6;&#x178F;&#x17CB; &#x1785;&#x1793;&#x17D2;&#x1790;&#x17B6;</subfield>
    <subfield code="c">2002</subfield>
  </datafield>
  <datafield tag="300" ind1=" " ind2=" ">
    <subfield code="a">69p.</subfield>
  </datafield>
  <datafield tag="942" ind1=" " ind2=" ">
    <subfield code="c">KB</subfield>
  </datafield>
  <datafield tag="999" ind1=" " ind2=" ">
    <subfield code="c">8583</subfield>
    <subfield code="d">8583</subfield>
  </datafield>
  <datafield tag="952" ind1=" " ind2=" ">
    <subfield code="0">0</subfield>
    <subfield code="1">0</subfield>
    <subfield code="4">0</subfield>
    <subfield code="6">615_000000000000000_&#x17A2;&#x17B6;&#x178F;_2002_C242</subfield>
    <subfield code="7">0</subfield>
    <subfield code="9">48852</subfield>
    <subfield code="a">LBC</subfield>
    <subfield code="b">LBC</subfield>
    <subfield code="c">C242</subfield>
    <subfield code="d">2016-08-05</subfield>
    <subfield code="o">615 &#x17A2;&#x17B6;&#x178F;&#x17CB; 2002 C242</subfield>
    <subfield code="p">RUA042934</subfield>
    <subfield code="r">2016-08-05</subfield>
    <subfield code="y">KB</subfield>
  </datafield>
  <datafield tag="952" ind1=" " ind2=" ">
    <subfield code="0">0</subfield>
    <subfield code="1">0</subfield>
    <subfield code="4">0</subfield>
    <subfield code="6">615_000000000000000_&#x17A2;&#x17B6;&#x178F;_2002_C242</subfield>
    <subfield code="7">0</subfield>
    <subfield code="9">48853</subfield>
    <subfield code="a">LBC</subfield>
    <subfield code="b">LBC</subfield>
    <subfield code="c">C242</subfield>
    <subfield code="d">2016-08-05</subfield>
    <subfield code="o">615 &#x17A2;&#x17B6;&#x178F;&#x17CB; 2002 C242</subfield>
    <subfield code="p">RUA42062</subfield>
    <subfield code="r">2016-08-05</subfield>
    <subfield code="y">KB</subfield>
  </datafield>
  <datafield tag="952" ind1=" " ind2=" ">
    <subfield code="0">0</subfield>
    <subfield code="1">0</subfield>
    <subfield code="4">0</subfield>
    <subfield code="6">615_000000000000000_&#x17A2;&#x17B6;&#x178F;_2002_C242</subfield>
    <subfield code="7">0</subfield>
    <subfield code="9">48854</subfield>
    <subfield code="a">LBC</subfield>
    <subfield code="b">LBC</subfield>
    <subfield code="c">C242</subfield>
    <subfield code="d">2016-08-05</subfield>
    <subfield code="o">615 &#x17A2;&#x17B6;&#x178F;&#x17CB; 2002 C242</subfield>
    <subfield code="p">RUA043305</subfield>
    <subfield code="r">2016-08-05</subfield>
    <subfield code="y">KB</subfield>
  </datafield>
  <datafield tag="952" ind1=" " ind2=" ">
    <subfield code="0">0</subfield>
    <subfield code="1">0</subfield>
    <subfield code="4">0</subfield>
    <subfield code="6">615_000000000000000_&#x17A2;&#x17B6;&#x178F;_2002_C242</subfield>
    <subfield code="7">0</subfield>
    <subfield code="9">48855</subfield>
    <subfield code="a">LBC</subfield>
    <subfield code="b">LBC</subfield>
    <subfield code="c">C242</subfield>
    <subfield code="d">2016-08-05</subfield>
    <subfield code="o">615 &#x17A2;&#x17B6;&#x178F;&#x17CB; 2002 C242</subfield>
    <subfield code="p">RUA40984</subfield>
    <subfield code="r">2016-08-05</subfield>
    <subfield code="y">KB</subfield>
  </datafield>
  <datafield tag="952" ind1=" " ind2=" ">
    <subfield code="0">0</subfield>
    <subfield code="1">0</subfield>
    <subfield code="4">0</subfield>
    <subfield code="6">615_000000000000000_&#x17A2;&#x17B6;&#x178F;_2002_242</subfield>
    <subfield code="7">0</subfield>
    <subfield code="9">48856</subfield>
    <subfield code="a">LBC</subfield>
    <subfield code="b">LBC</subfield>
    <subfield code="c">C242</subfield>
    <subfield code="d">2016-08-05</subfield>
    <subfield code="o">615 &#x17A2;&#x17B6;&#x178F;&#x17CB; 2002 242</subfield>
    <subfield code="p">RUA42006</subfield>
    <subfield code="r">2016-08-05</subfield>
    <subfield code="y">KB</subfield>
  </datafield>
  <datafield tag="952" ind1=" " ind2=" ">
    <subfield code="0">0</subfield>
    <subfield code="1">0</subfield>
    <subfield code="4">0</subfield>
    <subfield code="6">615_000000000000000_&#x17A2;&#x17B6;&#x178F;_2002_C242</subfield>
    <subfield code="7">0</subfield>
    <subfield code="9">48858</subfield>
    <subfield code="a">LBC</subfield>
    <subfield code="b">LBC</subfield>
    <subfield code="c">C242</subfield>
    <subfield code="d">2016-08-05</subfield>
    <subfield code="o">615 &#x17A2;&#x17B6;&#x178F;&#x17CB; 2002 C242</subfield>
    <subfield code="p">RUA42002</subfield>
    <subfield code="r">2016-08-05</subfield>
    <subfield code="y">KB</subfield>
  </datafield>
</record>
